000
00473nam a2200181Ia 4500
008
100917s9999 xx 000 0 und d
082
_b
28171
100
_a
कुलकर्णी गो. द.
245
_a
विराट
260
_b
सुरस प्रकाशन
_c
1974
300
_a
83
365
_b
5
520
_a
कादंबरी
630
_a
विराट
650
_a
कादंबरी
730
_a
विराट
942
_c
BOOK
999
_c
633565
_d
633562